EL ALMA COLECTIVA DEL BUNRAKU/

INCLUYE BIBLIOGRAFIA

Guardado en:
Detalles Bibliográficos
Autor principal: Cossío, Oscar (autor)
Formato: Libro
Colección:LA CARPA
Temas:
Etiquetas: Agrega una etiqueta
Sin etiquetas, Sé el primero en etiquetar este registro!

MARC

LEADER 00000nam^a2200000^a^4500
001 000216614
005 20250521000000.0
009 20260310103659.427
020 |a 968-36-1813-8 
035 |a 039751 
037 |a Acervo Xavier Clavigero 
082 |a 895. 6  |b COS 
100 |a Cossío, Oscar  |e (autor) 
245 1 3 |a EL ALMA COLECTIVA DEL BUNRAKU/  |c OSCAR COSSIO 
264 |a México :  |b UNAM,  |c 1957 
300 |a 291p. :  |b il. 
336 |a texto  |b txt  |2 rdacontenido 
337 |a sin mediación  |b n  |2 rdamedio 
338 |a volumen  |b nc  |2 rdasoporte 
440 |a LA CARPA 
520 |a INCLUYE BIBLIOGRAFIA 
649 |a XX 
650 |a TEATRO -  |x JAPON 
650 |a Literatura Japonesa 
910 |a Fondo General 
920 |a Impresos - Libros 
930 |a Colección General 
940 |a Literatura 
905 |a 101 
901 |a 039751  |b IT1  |c LIT  |i 039751  |u 20250521 
902 |a https://opac.biblio.iteso.mx/vufind/Record/000216614